00567cam a22001812 4500001001100000005001700011008004100028020001700069040001500086100003200101245010800133250001300241260003500254300002000289650003600309700003700345852000300382000001882220151217145908.0100802s xx 000 0 eng d a0071263756 : aKABUcKABU1 aPearce, John A.@000015062110aStrategic management :bformulation, implementation and control /cJohn A. Pearce, Richard B. Robinson. a11th ed. aBoston :b McGraw-Hill,c2009. avarious paging. 0aStrategic planning.@00001505761 aRobinson, Richard B.@00001506221